Biblioteca

Cambridge Papers : (Registro nro. 49493)

Detalles MARC
000 -LIDER / CABECERA
fixed length control field 00801nas a2200301Ia 4500
001 - NUMERO DE CONTROL
control field 55
003 - IDENTIFICADOR DEL NUMERO DE CONTROL
control field CO-MdFUSB
005 - FECHA Y HORA DE LA ULTIMA TRANSACCION
control field 20170901104519.0
008 - ELEMENTOS DE LONGITUD FIJA
fixed length control field 151030s9999 -uk 000 0 e d
022 ## - NÚMERO INTERNACIONAL NORMALIZADO PARA PUBLICACIONES SERIADAS
ISSN 1361-7710
037 ## - FUENTE DE ADQUISICION
Proveedor Cambridge
040 ## - FUENTE/ORIGEN DE LA CATALOGACIÓN
Agencia Catalogadora CO-MdFUSB
Lenguaje de catalogación spa
Agencia que realiza la transcripción CO-MdFUSB
Agencia que realiza la modificación CO-MdFUSB
Norma de descripción rda
041 0# - IDIOMA
Código de lengua del texto/banda sonora o título independiente eng
Código de idioma original eng
245 10 - TÍTULO PROPIAMENTE DICHO
Title Cambridge Papers :
Remainder of title Towards a biblical mind
/ Mención de Responsabilidad / Cambridge
260 ## - • Area De Publicacion, Distribucion, Etc. (Pie de Imprenta) (R)
Place of publication, distribution, etc Reino Unido
264 ## - PRODUCCIÓN, PUBLICACIÓN, DISTRIBUCIÓN, MANUFACTURA, Y COPYRIGHT
Lugar de producción, publicación, distribución, fabricación : Reino Unido
Nombre del de productor, editor, distribuidor, fabricante, Cambridge
300 ## - DESCRIPCIÓN FÍSICA
Extent Volumen 8-10
Dimensions 30 cm.
310 ## - PERIODICIDAD ACTUAL
Periodicidad actual No aplica
Fecha de comienzo de la periodicidad actual 1999
336 ## - TIPO DE CONTENIDO
Fuente rdacontent
Término de tipo de contenido
Código de tipo de contenido
337 ## - TIPO DE MEDIO
Fuente rdamedia
Nombre del tipo de medio
Código del tipo de medio
338 ## - TIPO DE SOPORTE
Nombre del tipo de soport
362 ## - FECHAS DE PUBLICACIÓN Y/O DESIGNACIÓN SECUENCIAL
Fecha de publicación y/o designación secuencial (Volumen) 1999-2001
546 ## - NOTA DE IDIOMA
Nota de idioma Texto en inglés
650 ## - PUNTO DE ACCESO ADICIONAL DE MATERIA -TÉRMINO DE MATERIA
Subdivisión de forma Publicaciones seriadas
773 ## - ENLACE AL DOCUMENTO FUENTE
Place, publisher, and date of publication Reino Unido, Cambridge, 1999-2001
810 ## - PUNTO DE ACCESO ADICIONAL DE SERIE - NOMBRE DE ENTIDAD
Tipo de Material Revista
942 ## - ELEMENTOS ADICIONALES (KOHA)
Koha item type Revistas y Fascículos
Source of classification or shelving scheme Dewey Decimal Classification
Estado de la suscripción No aplica
Existencias
Expurgo - (Retirado) Estado de Perdido Estado de Dañado Not for loan Colección Home library Current library Ubicación en Estantería Date acquired Información de volumen - Fascículo Signatura topográfica Barcode Copy number Koha item type
        Colección de Hemeroteca Biblioteca FUSBC Biblioteca FUSBC Hemeroteca 17/01/2005 Volumen 8, Número 1, (1999) R0188 Ej. 1 Revistas y Fascículos
        Colección de Hemeroteca Biblioteca FUSBC Biblioteca FUSBC Hemeroteca 17/01/2005 Volumen 10, Numero 2, (2001) R0197 Ej. 1 Revistas y Fascículos
        Colección de Hemeroteca Biblioteca FUSBC Biblioteca FUSBC Hemeroteca 17/01/2005 Volumen 10, Número 1, (2001) R0196 Ej. 1 Revistas y Fascículos
        Colección de Hemeroteca Biblioteca FUSBC Biblioteca FUSBC Hemeroteca 17/01/2005 Volumen 9, Número 4, (2000) R0195 Ej. 1 Revistas y Fascículos
        Colección de Hemeroteca Biblioteca FUSBC Biblioteca FUSBC Hemeroteca 17/01/2005 Volumen 9, Número 3, (2000) R0194 Ej. 1 Revistas y Fascículos
        Colección de Hemeroteca Biblioteca FUSBC Biblioteca FUSBC Hemeroteca 17/01/2005 Volumen 9, Número 2, (2000) R0193 Ej. 1 Revistas y Fascículos
        Colección de Hemeroteca Biblioteca FUSBC Biblioteca FUSBC Hemeroteca 17/01/2005 Volumen 9, Número 1, (2000) R0192 Ej. 1 Revistas y Fascículos
        Colección de Hemeroteca Biblioteca FUSBC Biblioteca FUSBC Hemeroteca 17/01/2005 Volumen 8, Número 4, (1999) R0191 Ej. 1 Revistas y Fascículos
        Colección de Hemeroteca Biblioteca FUSBC Biblioteca FUSBC Hemeroteca 17/01/2005 Volumen 8, Número 3, (1999) R0190 Ej. 1 Revistas y Fascículos
        Colección de Hemeroteca Biblioteca FUSBC Biblioteca FUSBC Hemeroteca 17/01/2005 Volumen 8, Número 2, (1999) R0189 Ej. 1 Revistas y Fascículos

Biblioteca FUSBC | Teléfono: (57+4) 349 88 10 Ext. 141| WhatsApp (+57) 3005338115 
E-mail: biblioteca@unisbc.edu.co | Calle 76 87-14 Robledo Palenque, Medellín, Colombia

Con tecnología Koha